000
00332pab a2200145 454500
008
180718b1995 xxu||||| |||| 00| 0 eng d
100
_a
Moravec, Milan
245
_a
Reinventing leadership
260
_c
1995
300
_a
p.15-18
650
_a
Leadership
700
_a
Manley, Richard
773
_a
P.M. Network
909
_a
29263
999
_c
29263
_d
29263